| 000 | 00742cam a22002413a 4500 | ||
|---|---|---|---|
| 001 | 1861 | ||
| 003 | PGUSA | ||
| 005 | 20140828083007.0 | ||
| 008 | 060322s2006||||xxu|||||s|||||000 | eng d | ||
| 040 |
_aPGUSA _beng |
||
| 042 | _adc | ||
| 050 | 4 | _aF001 | |
| 100 | 1 |
_aAldrich, Thomas Bailey, _d1836-1907 |
|
| 245 | 1 | 3 |
_aAn Old Town By the Sea _h[electronic resource] / _cThomas Bailey Aldrich |
| 260 |
_bProject Gutenberg, _c2006 |
||
| 506 | _aPublic domain in the USA. | ||
| 516 | _aElectronic text | ||
| 653 | _aNew Hampshire -- History -- Colonial period, ca. 1600-1775 | ||
| 653 | _aPortsmouth (N.H.) -- Social life and customs | ||
| 830 | 0 |
_aProject Gutenberg _v1861 |
|
| 856 | 4 | 0 | _uhttp://www.gutenberg.org/ebooks/1861 |
| 942 | _cEB | ||
| 999 |
_c231204 _d231204 |
||